000 01015nam a2200325Ia 4500
001 Para_1302
003 CHAP
008 220125s1998 xx 000 0 und d
010 _a200010
040 _cCHAP
090 _aPA TESIS 1243
100 _aCruz López, Marco Walter
_929480
245 _aRespuesta de la germinación de semillas a la aplicación de extractos de Lopezia racemosa /
_c por Marco Walter Cruz López
260 _aChapingo, Méx. :
_b El autor
300 _a60 h.
502 _aTesis (Ing. Agr. Esp. en Parasitología Agrícola), UACh. Depto. Parasitología
650 _aAlelopatia
_93761
650 _aAlfalfa
650 _aRábanos
_997850
650 _aTomate
_9113672
650 _aTomate verde
_9113796
710 _aUACh. Departamento de Parasitología Agrícola
_9115877
901 _aPA TESIS 1243
902 _aA
905 _a0000001998 i 0000000000 00
910 _a1998
942 _cPARA
942 _cPARA
_d1
999 _c200010
_d200010